Szczegóły MARC21

Sämtliche Galgenlieder : über die Galgenlieder, Horatius Travestitus /

003 -Nazwa inst., której nr kontr. jest w polu 001 [,]
    • @
    • Nazwa instytucji, której n kontrolny jest w polu 001
    • NUKAT
005 -DATA I CZAS OSTATNIEJ MODYFIKACJI [,]
    • @
    • pole kontrolne
    • 20241231110317.0
020 -Międzynarod. znormalizowany nr książki - ISBN [ , ]
    • a
    • Numer ISBN
    • 3717516965 Find
    • q
    • Dopowiedzenie
    • Gewebe
020 -Międzynarod. znormalizowany nr książki - ISBN [ , ]
    • a
    • Numer ISBN
    • 3717516973 Find
    • q
    • Dopowiedzenie
    • Ldr.
040 -Instytucja sporządzająca opis [ , ]
    • a
    • Instytucja, która sporządziła opis (NP)
    • GD U/AP
    • c
    • Instytucja, która sporządziła rekord (NP)
    • GD U/AP
942 -Rodzaj dokumentu [ , ]
    • c
    • Rodzaj dokumentu
    • Książka
100 -Hasło główne - nazwa osobowa [1, ]
    • a
    • Nazwa osobowa (NP)
    • Morgenstern, Christian
    • d
    • Daty biograficzne (NP)
    • (1871-1914).
    • 9
    • KHW
    • 244884
245 -Strefa tytułu i oznaczenia odpowiedzialności [1,0]
    • a
    • Tytuł
    • Sämtliche Galgenlieder : Find
    • b
    • Ciąg dalszy tytułu (NP)
    • über die Galgenlieder, Horatius Travestitus / Find
    • c
    • Pozostałe elementy strefy tytułu i oznaczenia odpowiedzialności (NP)
    • Christian Morgenstern ; mit einem Nachwort von Leonard Forster und einer editorischen Notiz von Jens Jessen.
260 -Strefa adresu wydawniczego [ , ]
    • a
    • Miejsce wydania (P)
    • Zürich :
    • b
    • Nazwa wydawcy (P)
    • Manesse Verlag,
    • c
    • Data wydania (P)
    • 1994.
300 -Strefa opisu fizycznego [ , ]
    • a
    • Określenie formy książki i/lub objętość (NP)
    • 550, [4] s. ;
    • c
    • Format (NP)
    • 16 cm.
336 -Typ zawartości [ , ]
    • a
    • Termin opisujący typ zawartości
    • Tekst
    • b
    • Kod określający zawartość
    • txt
    • 2
    • Źródło (terminu i kodu)
    • rdacontent
337 -Typ mediów [ , ]
    • a
    • Tryb odtwarzania
    • Bez urządzenia pośredniczącego
    • b
    • Kod typu mediów
    • n
    • 2
    • Źródło (terminu i kodu)
    • rdamedia
338 -Typ/rodzaj nośnika [ , ]
    • a
    • Hasło opisujące typ nośnika
    • Wolumin
    • b
    • Kod typu nośnika
    • nc
    • 2
    • Źródło (terminu i kodu)
    • rdacarrier
490 -Strefa serii i książki wielotomowej - forma nie do wyszukiwania [1, ]
    • a
    • Tytuł (P)
    • Manesse Bibliothek der Weltliteratur Find
830 -Hasło dodatkowe serii i opisu książki wielotomowej - tytuł ujednolicony/tytuł [ ,0]
    • a
    • Tytuł ujednolicony/tytuł (NP)
    • Manesse Bibliothek der Weltliteratur
    • 9
    • KHW
    • 417758
504 -Uwaga dot. bibliogr. załącznikowej [ , ]
    • a
    • Uwaga dot. bibliografii załącznikowej
    • Bibliogr. s. 510.
080 -Uniwersalna Klasyfikacja Dziesiętna [ , ]
    • a
    • Symbol klasyfikacji
    • 830-1=30
980 -Symbol UKD [ , ]
    • a
    • UKD
    • 830-1=30
700 -Hasło dodatkowe - nazwa osobowa [1, ]
    • a
    • Nazwa osobowa (NP)
    • Forster, Leonard Find
    • d
    • Daty biograficzne (NP)
    • (1913-1997).
    • e
    • Określenie rodzaju współpracy
    • Posł.
    • 9
    • KHW
    • 235127
700 -Hasło dodatkowe - nazwa osobowa [1, ]
    • a
    • Nazwa osobowa (NP)
    • Jessen, Jens Christian Find
    • d
    • Daty biograficzne (NP)
    • (1919-1990).
    • e
    • Określenie rodzaju współpracy
    • Oprac.
    • 9
    • KHW
    • 646766
710 -Hasło dodatkowe - nazwa ciała zbiorowego [2, ]
    • a
    • Nazwa ciała zbiorowego lub nazwa geograficzna jako pierwszy element (NP)
    • Manesse Verlag.
    • 4
    • Kod relacji
    • pbl
    • 9
    • KHW
    • 417757
920 -ISBN [ , ]
    • a
    • ISBN
    • 3-7175-1696-5 Find
    • q
    • Dopowiedzenie
    • Gewebe
920 -ISBN [ , ]
    • a
    • ISBN
    • 3-7175-1697-3 Find
    • q
    • Dopowiedzenie
    • Ldr.
Sygnatura Lokalizacja Data inwentaryzacji Status udost. Numer inwentarzowy
Germ. PoezjaBM1998-09-24-3G.14095